Biến ước mơ thành hiện thực

Gorde:
Xehetasun bibliografikoak
Egile nagusia: Graham, Steman
Formatua: Liburua
Hizkuntza:Undetermined
Argitaratua: Thành phố Hồ Chí Minh Trẻ 2004
Gaiak:
Etiketak: Etiketa erantsi
Etiketarik gabe, Izan zaitez lehena erregistro honi etiketa jartzen!
Thư viện lưu trữ: Trung tâm Học liệu Trường Đại học Cần Thơ
LEADER 00555nam a2200193Ia 4500
001 CTU_73938
008 210402s9999 xx 000 0 und d
020 |b 29000 
082 |a 158.1 
082 |b G739 
100 |a Graham, Steman 
245 0 |a Biến ước mơ thành hiện thực 
245 0 |c Steman Graham ; Phạm Anh Tuấn 
260 |a Thành phố Hồ Chí Minh 
260 |b Trẻ 
260 |c 2004 
650 |a Applied psychology 
904 |i Năm, QHieu 
980 |a Trung tâm Học liệu Trường Đại học Cần Thơ